000 00562nam a2200181Ia 4500
008 100921s9999 xx 000 0 und d
082 _b6313
_a808.068 0
100 _aनारखेडे के.
245 _aजलवंती.
260 _bलेखन वाचन भांडार,पुणे.
_c0
300 _a83
_b---
365 _b1.25
520 _aललित-बालवाङ्रमय.
630 _aजलवंती.
650 _aललित-बालवाङ्रमय.
730 _aजलवंती.
942 _cBOOK
999 _c755426
_d755423